[Event "XXXIII MIEDZYNARODOWE SZACHOWE MISTRZOSTWA MALOPOLSKI - Grupa A"]
[Site "Hotel Galaxy, ul. Gesia 22a, Krakow"]
[Date "1899-12-30"]
[Round "4.13"]
[White "Orzech, Dominik"]
[Black "Wnek, Filip"]
[Result "1/2-1/2"]
[WhiteTitle "IM"]
[BlackTitle "I++"]
[WhiteElo "2291"]
[BlackElo "2057"]

1. d4 f5 2. Bg5 h6 3. Bh4 g5 4. Bg3 Nf6 5. e3 e6 6. Nf3 d6 7. Nbd2 Nbd7 8. c3 Qe7
9. Qc2 b6 10. a4 Bb7 11. a5 Bg7 12. Bd3 O-O 13. b4 Qf7 14. O-O Kh8 15. Ra3 Nh5
16. Rfa1 Rab8 17. axb6 axb6 18. Ra7 e5 19. dxe5 dxe5 20. Bc4 Qe8 21. h3 Nxg3 22.
fxg3 c5 23. e4 Qe7 24. b5 fxe4 25. Nxe4 Ra8 26. Rxa8 Rxa8 27. Rd1 Nf6 28. Nd6
e4 29. Ne5 Kh7 30. Nc6 Bxc6 31. bxc6 Rd8 32. Nf5 Qc7 33. Bb5 Rxd1+ 34. Qxd1 Bf8
35. c4 Kg6 36. g4 Qf4 37. g3 Qe5 38. Kg2 Ne8 39. Qd8 Qb2+ 40. Kf1 Qb1+ 41. Ke2
Nd6 42. Qxf8 Qc2+ 43. Ke3 Qd3+ 44. Kf2 Qd2+ 45. Kf1 Qd1+ 46. Kf2 Qd2+ 47. Kf1
Qd1+ 1/2-1/2

[Event "XXXIII MIEDZYNARODOWE SZACHOWE MISTRZOSTWA MALOPOLSKI - Grupa A"]
[Site "Hotel Galaxy, ul. Gesia 22a, Krakow"]
[Date "1899-12-30"]
[Round "4.15"]
[White "Czarnecka, Lidia"]
[Black "Kaliszuk, Kamil"]
[Result "0-1"]
[WhiteTitle "WCM"]
[BlackTitle "k"]
[WhiteElo "2027"]
[BlackElo "2249"]

1. e4 c6 2. d4 d5 3. Nc3 dxe4 4. Nxe4 Nf6 5. Nxf6+ exf6 6. Be3 Qb6 7. Qc1 c5 8.
Nf3 Nc6 9. c3 Bg4 10. dxc5 Bxc5 11. Bxc5 Qxc5 12. Qe3+ Qxe3+ 13. fxe3 O-O-O 14.
Nd4 Rhe8 15. Kf2 Ne5 16. h3 Be6 17. Be2 Bc4 18. b3 Bxe2 19. Kxe2 a6 20. Rhd1 g6
21. Nf3 Nd7 22. Rd4 Re7 23. Kf2 Rde8 24. Re1 Nc5 25. Nd2 Kb8 26. Kf3 f5 27. c4
h5 28. Rd5 Re5 29. Rxe5 Rxe5 30. Ke2 f4 31. Nf1 Ne6 32. Rd1 Kc7 33. Rd5 Re4 34.
Kf3 f5 35. Rd1 Kc6 36. Kf2 Re5 37. exf4 Nxf4 38. Ne3 Ne6 39. b4 Re4 40. Rc1 Nd4
41. a3 Rf4+ 42. Ke1 Re4 43. Kf2 h4 44. Rd1 g5 45. Nd5 g4 46. Nf6 g3+ 47. Kf1 Rf4+
48. Kg1 Nc2 49. Nd5 Rxc4 50. Ne7+ Kb6 51. Nxf5 Nxa3 52. Ne3 Re4 53. Nd5+ Kc6 54.
Kf1 Nc4 55. Rd3 Re5 56. Nc3 b6 57. Rd4 Ne3+ 58. Ke2 Nxg2+ 59. Kf3 Ne1+ 0-1

[Event "XXXIII MIEDZYNARODOWE SZACHOWE MISTRZOSTWA MALOPOLSKI - Grupa A"]
[Site "Hotel Galaxy, ul. Gesia 22a, Krakow"]
[Date "1899-12-30"]
[Round "4.16"]
[White "Kacprzak, Kacper"]
[Black "Kumor, Lukasz"]
[Result "1-0"]
[WhiteTitle "k++"]
[BlackTitle "k"]
[WhiteElo "2228"]
[BlackElo "2052"]

1. e4 e5 2. Nf3 Nc6 3. Bb5 a6 4. Ba4 Nf6 5. O-O Be7 6. Re1 b5 7. Bb3 d6 8. c3 O-O
9. h3 Re8 10. d4 Bf8 11. Nbd2 Bb7 12. a3 Rc8 13. Bc2 g6 14. b4 exd4 15. cxd4 Bg7
16. Bb2 Nb8 17. e5 Nd5 18. Ne4 dxe5 19. Nc5 Ba8 20. dxe5 Nb6 21. Bd3 Bd5 22. Qe2
Nc4 23. Bxc4 Bxc4 24. Qe3 Qe7 25. Qf4 Bd5 26. Rad1 Bc6 27. Ng5 h6 28. Nge4 Bxe4
29. Qxe4 a5 30. f4 axb4 31. axb4 c6 32. f5 gxf5 33. Qxf5 Rcd8 34. Kh1 Rxd1 35.
Rxd1 Qg5 36. Qf3 Rd8 37. Rf1 Qg6 38. e6 fxe6 39. Bxg7 Kxg7 40. Qc3+ Kh7 41. Rf6
Qh5 42. Nxe6 Qd1+ 43. Kh2 Qd6+ 44. Nf4 Qe7 45. Qc2+ Kg8 46. Rg6+ Kh8 47. Rxh6+
Kg8 48. Qg6+ Qg7 49. Qe6+ Qf7 50. Rh8+ 1-0

[Event "XXXIII MIEDZYNARODOWE SZACHOWE MISTRZOSTWA MALOPOLSKI - Grupa A"]
[Site "Hotel Galaxy, ul. Gesia 22a, Krakow"]
[Date "1899-12-30"]
[Round "4.17"]
[White "Tymrakiewicz, Rafal"]
[Black "Molnar, Laszlo"]
[Result "1-0"]
[WhiteTitle "FM"]
[BlackTitle ""]
[WhiteElo "2154"]
[BlackElo "1978"]

1. d4 Nf6 2. Nf3 g6 3. c4 Bg7 4. Nc3 O-O 5. Bg5 d6 6. e3 h6 7. Bh4 c5 8. Be2 Qb6
9. O-O Bf5 10. Bxf6 exf6 11. Nd5 Qd8 12. Qb3 Bc8 13. Rfd1 Nd7 14. Rd2 cxd4 15.
Nxd4 Nc5 16. Qa3 f5 17. Nb5 a6 18. Nbc3 Bd7 19. Rad1 Bc6 20. b4 Ne6 21. Qb3 Be5
22. f4 Bg7 23. Bf3 g5 24. g3 Re8 25. Qc2 Rc8 26. Qd3 b5 27. Bh5 bxc4 28. Qxf5
Rf8 29. Rc2 Bd7 30. Qe4 Re8 31. Qf3 Bc6 32. f5 Nc7 33. f6 Nxd5 34. Nxd5 Bf8 35.
Rxc4 Ba8 36. Rcd4 Rc3 37. Bxf7+ Kh8 38. Bxe8 Qxe8 39. f7 Qe5 40. Qf6+ Qxf6 41.
Nxf6 Rxe3 42. Nd7 Kg7 43. Nxf8 Kxf8 44. Rxd6 Kxf7 45. Rxa6 Bf3 46. Kf2 Rc3 47.
Rd7+ Ke8 48. Rd2 g4 49. Rxh6 1-0

[Event "XXXIII MIEDZYNARODOWE SZACHOWE MISTRZOSTWA MALOPOLSKI - Grupa A"]
[Site "Hotel Galaxy, ul. Gesia 22a, Krakow"]
[Date "1899-12-30"]
[Round "4.18"]
[White "Syrkiewicz, Michal"]
[Black "Triadu Cassa, Jordi"]
[Result "1-0"]
[WhiteTitle "k"]
[BlackTitle "CM"]
[WhiteElo "1945"]
[BlackElo "2150"]

1. e4 e5 2. Nf3 Nc6 3. Bc4 Nf6 4. d3 Be7 5. c3 d6 6. a4 Na5 7. Ba2 c5 8. b4 cxb4
9. cxb4 Nc6 10. b5 Nb8 11. O-O Bg4 12. h3 Bh5 13. Nc3 Nbd7 14. Ba3 Rc8 15. Nd5
O-O 16. g4 Bg6 17. Rc1 Nxd5 18. Bxd5 Rxc1 19. Qxc1 Qb8 20. Qe3 Bd8 21. Qd2 Re8
22. Qb4 Be7 23. Qa5 Nc5 24. Bxc5 dxc5 25. b6 a6 26. Qc3 Bd6 27. Nd2 h5 28. Nc4
hxg4 29. hxg4 Qc8 30. f3 Qd7 31. a5 Bb8 32. Qa3 Rc8 33. Kg2 Kf8 34. Ne3 Bd6 35.
Bc4 Qe7 36. Rh1 Kg8 37. Qc1 Qg5 38. Bd5 Rb8 39. Nc4 Qd8 40. Qg1 Qd7 41. Qh2 Kf8
42. Nxe5 Qd8 43. Qh8+ Ke7 44. Nxg6+ Kf6 45. g5+ Kxg5 46. Qh5+ 1-0

[Event "XXXIII MIEDZYNARODOWE SZACHOWE MISTRZOSTWA MALOPOLSKI - Grupa A"]
[Site "Hotel Galaxy, ul. Gesia 22a, Krakow"]
[Date "1899-12-30"]
[Round "4.19"]
[White "Mirski, Michal"]
[Black "Kubica, Kamil"]
[Result "1-0"]
[WhiteTitle "I++"]
[BlackTitle "k"]
[WhiteElo "1986"]
[BlackElo "2139"]

1. e4 e5 2. Nc3 Nf6 3. g3 Bc5 4. Bg2 O-O 5. Nge2 c6 6. O-O d5 7. exd5 cxd5 8. d4
exd4 9. Nxd4 Bg4 10. Qd3 Bxd4 11. Qxd4 Nc6 12. Qa4 d4 13. h3 Bf5 14. Rd1 Qc8 15.
Nb5 Bxh3 16. Nxd4 Qg4 17. Bf3 Qg6 18. Nxc6 bxc6 19. Bxc6 Rac8 20. Rd6 Bf5 21.
Be3 Bxc2 22. Qxa7 Rxc6 23. Rxc6 Be4 24. Rc4 Ba8 25. Qc5 Ne4 26. Qe5 f5 27. Rac1
Bb7 28. Rc7 f4 29. Bd4 Re8 30. Rxg7+ Kf8 31. Qxf4+ 1-0

[Event "XXXIII MIEDZYNARODOWE SZACHOWE MISTRZOSTWA MALOPOLSKI - Grupa A"]
[Site "Hotel Galaxy, ul. Gesia 22a, Krakow"]
[Date "1899-12-30"]
[Round "4.20"]
[White "Ten Have, Roland"]
[Black "Dylag, Emilia"]
[Result "1/2-1/2"]
[WhiteTitle ""]
[BlackTitle "WFM"]
[WhiteElo "1937"]
[BlackElo "2095"]

1. e4 e5 2. f4 exf4 3. Bc4 Qh4+ 4. Kf1 Be7 5. Nc3 Nf6 6. Nf3 Qh5 7. d4 Nxe4 8.
Nxe4 d5 9. Bb5+ c6 10. Nc3 cxb5 11. Nxb5 Na6 12. Bxf4 O-O 13. Kf2 Bf5 14. Rf1
Nb4 15. Kg1 Bxc2 16. Qe2 Bf6 17. Qd2 a5 18. Nc7 Bd3 19. Rfc1 Be4 20. Nxa8 Rxa8
21. Ne5 Bxe5 22. Bxe5 Nc6 23. Bg3 g5 24. a3 a4 25. Rc3 Qg6 26. Rac1 Re8 27. Rc5
h5 28. Rf1 h4 29. Be5 Re6 30. Qf2 f5 31. Rb5 Qf7 32. Qd2 f4 33. Qd1 Nxe5 34. dxe5
Rc6 35. Qxa4 Rc2 36. Rf2 Rc1+ 37. Rf1 Rxf1+ 38. Kxf1 Bd3+ 39. Kf2 Bxb5 40. Qxb5
g4 41. Qb6 g3+ 42. hxg3 fxg3+ 43. Ke1 Kh7 44. Qd4 Kg8 45. Qg4+ Qg7 46. Qh5 Kf8
47. Kd1 Qf7 48. Qh8+ Qg8 49. Qxh4 Ke8 50. Kd2 Qg6 51. Qf6 Qe4 52. Qh8+ Kf7 53.
Qf6+ Ke8 54. Qh8+ Kf7 55. Qh5+ Kf8 56. Qh8+ Kf7 57. Qf6+ Ke8 1/2-1/2

[Event "XXXIII MIEDZYNARODOWE SZACHOWE MISTRZOSTWA MALOPOLSKI - Grupa A"]
[Site "Hotel Galaxy, ul. Gesia 22a, Krakow"]
[Date "1899-12-30"]
[Round "4.21"]
[White "Majek, Kacper"]
[Black "Barwinska, Ewa"]
[Result "1-0"]
[WhiteTitle "k"]
[BlackTitle "WCM"]
[WhiteElo "2083"]
[BlackElo "1953"]

1. e4 c5 2. Nf3 d6 3. d4 cxd4 4. Nxd4 Nf6 5. Nc3 a6 6. Rg1 e5 7. Nb3 Be6 8. g4
d5 9. exd5 Nxd5 10. Nxd5 Qxd5 11. Qxd5 Bxd5 12. Be3 Nc6 13. c3 Be7 14. Nd2 b5
15. Bd3 O-O 16. b4 Nd8 17. Ke2 Rc8 18. Rgc1 Ne6 19. a4 Bc6 20. axb5 axb5 21. Bf5
Bd5 22. Ra5 Rb8 23. Bd3 Rfc8 24. Kd1 Nc7 25. Ne4 Bb3+ 26. Ke2 Ba4 27. Bc5 Nd5
28. Bxe7 Nxe7 29. Nc5 Ra8 30. Rxa8 Rxa8 31. Be4 Ra7 32. c4 g6 33. g5 Nc8 34. Ra1
Nb6 35. Bc6 Rc7 36. cxb5 Bc2 37. Ra6 Nc4 38. Bd5 Nb2 39. Ra8+ Kg7 40. b6 1-0

[Event "XXXIII MIEDZYNARODOWE SZACHOWE MISTRZOSTWA MALOPOLSKI - Grupa A"]
[Site "Hotel Galaxy, ul. Gesia 22a, Krakow"]
[Date "1899-12-30"]
[Round "4.22"]
[White "Lewicki, Miroslaw"]
[Black "Kulesza, Andrzej"]
[Result "1-0"]
[WhiteTitle "IM"]
[BlackTitle "I++"]
[WhiteElo "2359"]
[BlackElo "2064"]

1. e4 c5 2. Nf3 d6 3. d4 cxd4 4. Nxd4 Nf6 5. Nc3 a6 6. Be2 e5 7. Nb3 Be7 8. Be3
Be6 9. O-O O-O 10. Nd5 Nxd5 11. exd5 Bc8 12. c4 Nd7 13. Kh1 f5 14. f4 e4 15. Nd4
Nf6 16. b4 Kh8 17. Rc1 Bd7 18. Qb3 a5 19. c5 axb4 20. c6 bxc6 21. dxc6 Ra3 22.
Qxb4 d5 23. Qd2 Bc8 24. Nb5 Ra8 25. c7 Qe8 26. Na7 Qf7 27. Rc6 Ng4 28. Nxc8 Rfxc8
29. Ba6 Rxa6 30. Rxa6 d4 31. Qxd4 Bf6 32. Rxf6 Nxf6 33. Qd8+ Qe8 34. Rd1 Kg8 35.
Qxc8 Qxc8 36. Rd8+ 1-0

[Event "XXXIII MIEDZYNARODOWE SZACHOWE MISTRZOSTWA MALOPOLSKI - Grupa A"]
[Site "Hotel Galaxy, ul. Gesia 22a, Krakow"]
[Date "1899-12-30"]
[Round "4.23"]
[White "Doraszelski, Alexander"]
[Black "Kusiak, Mateusz"]
[Result "0-1"]
[WhiteTitle ""]
[BlackTitle "I++"]
[WhiteElo "2132"]
[BlackElo "1943"]

1. e4 c5 2. Nc3 e6 3. Nge2 Nc6 4. g3 Nge7 5. Bg2 a6 6. O-O g6 7. d4 cxd4 8. Nxd4
Bg7 9. Nde2 O-O 10. Bf4 b5 11. a3 Bb7 12. Bd6 Re8 13. Qd3 Qb6 14. Kh1 Na5 15.
b3 Nd5 16. Nxd5 exd5 17. e5 Bxe5 18. Bxe5 Rxe5 19. Rad1 Rc8 20. Rd2 Qd6 21. Ra1
Qf6 22. Rf1 Qe7 23. Ra1 Nc4 24. bxc4 dxc4 25. Qd4 Bxg2+ 26. Kxg2 Rxe2 27. Rxe2
Qxe2 28. Qxd7 Re8 29. Rd1 Qe4+ 30. Kg1 Re6 31. Rd6 Rxd6 32. Qxd6 Qe6 33. Qd8+
Kg7 34. Qa8 Qd6 35. Qf3 Qd2 36. Qe4 Qc1+ 37. Kg2 Qxa3 38. Qd4+ Kg8 39. Qd8+ Qf8
40. Qb6 Qc8 41. h4 h5 42. Kg1 Qe6 43. Qd8+ Kh7 44. Qc7 b4 45. Qb7 b3 46. cxb3
cxb3 0-1

[Event "XXXIII MIEDZYNARODOWE SZACHOWE MISTRZOSTWA MALOPOLSKI - Grupa A"]
[Site "Hotel Galaxy, ul. Gesia 22a, Krakow"]
[Date "1899-12-30"]
[Round "4.24"]
[White "Gora, Antonina"]
[Black "Poysti, Nathanael"]
[Result "0-1"]
[WhiteTitle "k"]
[BlackTitle ""]
[WhiteElo "1941"]
[BlackElo "2131"]

1. e4 c5 2. Nf3 d6 3. d4 cxd4 4. Nxd4 Nf6 5. Nc3 a6 6. Be2 e5 7. Nb3 Be7 8. Be3
Be6 9. a4 Nbd7 10. f4 exf4 11. Bxf4 Ne5 12. Nd4 Qc7 13. O-O O-O 14. Bf3 Rac8 15.
Nd5 Bxd5 16. exd5 Nfd7 17. Be4 Bf6 18. Ra3 Ng6 19. Rh3 Qc4 20. Be3 Rfe8 21. b3
Qb4 22. Bxg6 hxg6 23. Ne2 Rxe3 24. Rxe3 Qc5 25. Rxf6 Nxf6 26. Qd4 Qxc2 27. Kf1
Rc5 28. Rc3 Qb1+ 29. Kf2 Rxd5 30. Rc8+ Kh7 31. Qh4+ Rh5 32. Qc4 d5 33. Qc7 Rf5+
34. Ke3 Qe4+ 35. Kd2 Rf2 36. Qb8 Qxe2+ 37. Kc3 Qd2# 0-1

[Event "XXXIII MIEDZYNARODOWE SZACHOWE MISTRZOSTWA MALOPOLSKI - Grupa A"]
[Site "Hotel Galaxy, ul. Gesia 22a, Krakow"]
[Date "1899-12-30"]
[Round "4.25"]
[White "Hnatyshyn, Anastasiia"]
[Black "Cichon, Jakub"]
[Result "1-0"]
[WhiteTitle "WFM"]
[BlackTitle "I+"]
[WhiteElo "2127"]
[BlackElo "1937"]

1. d4 d5 2. Nf3 Nf6 3. c4 dxc4 4. Qa4+ Nbd7 5. Qxc4 e6 6. Nc3 a6 7. Bf4 c5 8. dxc5
Bxc5 9. e3 b5 10. Qd3 Bb7 11. Be2 Qa5 12. O-O b4 13. Nb1 Rd8 14. Qc2 Rc8 15. Qd1
O-O 16. Nbd2 Rfd8 17. Nc4 Qb5 18. Nd6 Qc6 19. Nxc8 Rxc8 20. Rc1 e5 21. Bg3 h6
22. Ne1 e4 23. Nc2 Qe6 24. a3 bxa3 25. Nxa3 Nd5 26. Bc4 N7f6 27. Qb3 Ba8 28. Nb1
Qg4 29. Bxa6 Rd8 30. Rxc5 h5 31. h3 Qg6 32. Rc8 Rxc8 33. Bxc8 Nxe3 34. Qb8 1-0

[Event "XXXIII MIEDZYNARODOWE SZACHOWE MISTRZOSTWA MALOPOLSKI - Grupa A"]
[Site "Hotel Galaxy, ul. Gesia 22a, Krakow"]
[Date "1899-12-30"]
[Round "4.26"]
[White "Kasperek, Ryszard"]
[Black "Reichel, Lukasz"]
[Result "1-0"]
[WhiteTitle "m"]
[BlackTitle "I"]
[WhiteElo "2065"]
[BlackElo "1922"]

1. e4 c5 2. Nf3 d6 3. d4 cxd4 4. Nxd4 Nf6 5. Nc3 a6 6. h3 e6 7. g4 d5 8. exd5 Nxd5
9. Nde2 Bb4 10. Bd2 b5 11. Nxd5 Qxd5 12. Bxb4 Qxh1 13. Qd6 Nc6 14. O-O-O Ra7 15.
Ng3 Rd7 16. Nxh1 Rxd6 17. Bxd6 1-0

[Event "XXXIII MIEDZYNARODOWE SZACHOWE MISTRZOSTWA MALOPOLSKI - Grupa A"]
[Site "Hotel Galaxy, ul. Gesia 22a, Krakow"]
[Date "1899-12-30"]
[Round "4.27"]
[White "Makhynia, Kostiantyn"]
[Black "Kozlowski, Franciszek"]
[Result "1-0"]
[WhiteTitle "I"]
[BlackTitle "I+"]
[WhiteElo "2015"]
[BlackElo "1900"]

1. d4 d5 2. Nf3 e6 3. g3 Nf6 4. Bg2 Be7 5. c4 O-O 6. O-O dxc4 7. Nc3 Nc6 8. e3
Bd6 9. Qe2 e5 10. d5 Na5 11. e4 a6 12. Nh4 b5 13. f4 b4 14. Nd1 Bd7 15. Qe1 Qe7
16. Ne3 Bc5 17. Kh1 Bb5 18. Nef5 Qe8 19. Be3 Bxe3 20. Qxe3 c3 21. bxc3 Bxf1 22.
Rxf1 Nc4 23. Qc1 exf4 24. cxb4 Ne3 25. Rxf4 Nxg2 26. Kxg2 Qe5 27. Nf3 Qe8 28.
e5 Nh5 29. Rg4 f6 30. Qh6 Qf7 31. e6 Kh8 32. Rxg7 Qxg7 33. Nxg7 Nxg7 34. Nd4 Rfd8
35. Qxf6 Rd7 36. d6 Rxd6 37. e7 Rd5 38. Ne6 Rg8 39. Kh3 Rd6 40. e8=Q 1-0

[Event "XXXIII MIEDZYNARODOWE SZACHOWE MISTRZOSTWA MALOPOLSKI - Grupa A"]
[Site "Hotel Galaxy, ul. Gesia 22a, Krakow"]
[Date "1899-12-30"]
[Round "4.28"]
[White "Adamczyk, Zuzanna"]
[Black "Sliwicki, Damian"]
[Result "0-1"]
[WhiteTitle "WCM"]
[BlackTitle "CM"]
[WhiteElo "1976"]
[BlackElo "2158"]

1. e4 d5 2. exd5 Qxd5 3. Nc3 Qa5 4. d4 Nf6 5. Bc4 Bf5 6. Nf3 e6 7. O-O c6 8. Bg5
Nbd7 9. h3 Bd6 10. Bd3 h6 11. Be3 g5 12. g4 Bxd3 13. Qxd3 h5 14. Nxg5 hxg4 15.
hxg4 Nxg4 16. Nce4 Be7 17. Bf4 Rg8 18. f3 Ngf6 19. Kf2 Qf5 20. Nxf6+ Qxf6 21.
Rg1 Qxf4 22. Nxe6 Qh2+ 23. Ke3 Rxg1 24. Nc7+ Qxc7 25. Rxg1 O-O-O 0-1

[Event "XXXIII MIEDZYNARODOWE SZACHOWE MISTRZOSTWA MALOPOLSKI - Grupa A"]
[Site "Hotel Galaxy, ul. Gesia 22a, Krakow"]
[Date "1899-12-30"]
[Round "4.29"]
[White "Darowicki, Mariusz"]
[Black "Rosol, Philip"]
[Result "1-0"]
[WhiteTitle "I++"]
[BlackTitle "II"]
[WhiteElo "1970"]
[BlackElo "2002"]

1. Nf3 Nf6 2. c4 c5 3. g3 e6 4. Bg2 d5 5. cxd5 exd5 6. d4 Nc6 7. O-O Bg4 8. Ne5
Bf5 9. Qa4 Bd7 10. Nxd7 Qxd7 11. dxc5 Bxc5 12. Bg5 Nd4 13. Qxd7+ Nxd7 14. Nc3
Ne6 15. Bd2 d4 16. Na4 Rb8 17. Nxc5 Ndxc5 18. f4 f5 19. Rac1 O-O 20. Bd5 Kh8 21.
Bb4 Rfd8 22. Bf3 b6 23. Rfd1 g6 24. b3 Kg7 25. Ba3 Kf7 26. Kf1 h5 27. Bb2 a5 28.
Bc6 h4 29. Bb5 hxg3 30. hxg3 Rbc8 31. Bc4 Ke7 32. Kg2 Rd6 33. Rh1 Rf8 34. Rcd1
Ne4 35. Rh7+ Rf7 36. Rxf7+ Kxf7 37. Rxd4 Ke7 38. Rxd6 Nxd6 39. Ba3 Nd4 40. Bxd6+
Kxd6 41. Kf2 Ke7 42. a4 Nc2 43. e3 Kf6 44. Ke2 Nb4 45. Kd2 g5 46. Ke2 g4 47. Bd3
Nc6 48. Kd2 Ke6 49. Kc3 Ne7 50. e4 fxe4 51. Bxe4 Nc8 52. Kd4 Nd6 53. Bd3 Nb7 54.
f5+ Kf6 55. Kd5 Nd8 56. Kd6 Nf7+ 57. Kc7 Ne5 58. Bc2 Nf3 59. Kxb6 Nd4 60. Bd1
Nxf5 61. Bxg4 Nxg3 62. Kxa5 Ne4 63. b4 Ke7 64. Kb6 Kd6 65. a5 Nf6 66. a6 Nd5+
67. Ka5 Kc7 68. Bf3 Nb6 69. a7 Nc4+ 70. Ka6 1-0

[Event "XXXIII MIEDZYNARODOWE SZACHOWE MISTRZOSTWA MALOPOLSKI - Grupa A"]
[Site "Hotel Galaxy, ul. Gesia 22a, Krakow"]
[Date "1899-12-30"]
[Round "4.30"]
[White "Sygulski, Piotr"]
[Black "Muller, Maxime"]
[Result "1/2-1/2"]
[WhiteTitle "I+"]
[BlackTitle ""]
[WhiteElo "1981"]
[BlackElo "1974"]

1. d4 d5 2. c4 e6 3. Nf3 Nf6 4. g3 Be7 5. Bg2 O-O 6. O-O dxc4 7. Qc2 a6 8. Qxc4
b5 9. Qc2 Bb7 10. Bd2 Be4 11. Qc1 c6 12. Rd1 Nbd7 13. Nc3 Bg6 14. Bf4 Qb6 15.
Ne5 Nxe5 16. Bxe5 Rac8 17. Bxf6 Bxf6 18. e3 e5 19. dxe5 Bxe5 20. Ne2 Bh5 21. Rd2
Rfd8 22. Nf4 Bxf4 23. exf4 c5 1/2-1/2

[Event "XXXIII MIEDZYNARODOWE SZACHOWE MISTRZOSTWA MALOPOLSKI - Grupa A"]
[Site "Hotel Galaxy, ul. Gesia 22a, Krakow"]
[Date "1899-12-30"]
[Round "4.31"]
[White "Gorniewicz, Oskar"]
[Black "Orzechowski, Jacek"]
[Result "0-1"]
[WhiteTitle "I"]
[BlackTitle "m"]
[WhiteElo "1904"]
[BlackElo "2139"]

1. e4 e6 2. d4 d5 3. e5 c5 4. c3 Nc6 5. Nf3 Nge7 6. Na3 cxd4 7. cxd4 Nf5 8. Nc2
Nb4 9. Bd2 Nxc2+ 10. Qxc2 Qb6 11. Bc3 Bd7 12. Bd3 Rc8 13. O-O Bb5 14. Rfd1 Bxd3
15. Rxd3 Ne7 16. Qd2 Nc6 17. Qf4 h6 18. h4 Be7 19. g4 g6 20. Kg2 h5 21. Ng5 Bxg5
22. hxg5 hxg4 23. f3 g3 24. Rdd1 Ne7 25. Qf6 Rh5 26. Rh1 Rxc3 27. bxc3 Qb2+ 28.
Kxg3 Nf5+ 29. Qxf5 Rxh1 30. Qxe6+ fxe6 31. Rxh1 Qxc3 32. Rh2 Qxd4 33. f4 Qe3+
34. Kg4 d4 35. Rg2 Qe4 0-1

[Event "XXXIII MIEDZYNARODOWE SZACHOWE MISTRZOSTWA MALOPOLSKI - Grupa A"]
[Site "Hotel Galaxy, ul. Gesia 22a, Krakow"]
[Date "1899-12-30"]
[Round "5.1"]
[White "Sieciechowicz, Marcin"]
[Black "Bogdanov, Egor"]
[Result "1/2-1/2"]
[WhiteTitle "IM"]
[BlackTitle "IM"]
[WhiteElo "2387"]
[BlackElo "2398"]

1. d4 Nf6 2. c4 e6 3. Nc3 Bb4 4. Qc2 O-O 5. Nf3 c5 6. dxc5 Na6 7. g3 Nxc5 8. Bg2
Nce4 9. O-O Nxc3 10. bxc3 Be7 11. e4 d6 12. e5 dxe5 13. Nxe5 Qc7 14. Qe2 Bd6 15.
Bf4 Nd7 16. Rfe1 Nxe5 17. Bxe5 Bxe5 18. Qxe5 Qxc4 19. Rad1 a5 20. h4 f6 21. Qd6
Qxc3 22. a3 Ra6 23. Qe7 f5 24. Re3 Qf6 25. Qc7 Qf7 26. Rc3 Qxc7 27. Rxc7 Ra8 28.
Re7 Rb8 29. Rc1 Rf7 30. Re8+ Rf8 31. Re7 Rf7 32. Re8+ Rf8 1/2-1/2

[Event "XXXIII MIEDZYNARODOWE SZACHOWE MISTRZOSTWA MALOPOLSKI - Grupa A"]
[Site "Hotel Galaxy, ul. Gesia 22a, Krakow"]
[Date "1899-12-30"]
[Round "5.3"]
[White "Zalega, Maciej"]
[Black "Wiewiora, Eneasz"]
[Result "1/2-1/2"]
[WhiteTitle "I++"]
[BlackTitle "FM"]
[WhiteElo "2166"]
[BlackElo "2314"]

1. e4 e5 2. Nf3 Nc6 3. Nc3 Nf6 4. d4 exd4 5. Nxd4 Bb4 6. Nxc6 bxc6 7. Bd3 d5 8.
exd5 cxd5 9. O-O O-O 10. Bg5 c6 11. Qf3 Be7 12. h3 h6 13. Bf4 Bd6 14. Rfe1 Rb8
15. Bxd6 Qxd6 16. b3 Bd7 17. Ne2 Rfe8 18. Ng3 Re5 19. Rxe5 Qxe5 20. Rd1 g6 21.
Nf1 Kg7 22. Rd2 Re8 23. Re2 Qd6 24. a4 c5 25. Rxe8 Bxe8 26. Qe2 c4 27. bxc4 Bxa4
28. cxd5 Nxd5 29. Ne3 Nf4 30. Qe1 Qd4 31. Bf1 Kh7 1/2-1/2

[Event "XXXIII MIEDZYNARODOWE SZACHOWE MISTRZOSTWA MALOPOLSKI - Grupa A"]
[Site "Hotel Galaxy, ul. Gesia 22a, Krakow"]
[Date "1899-12-30"]
[Round "5.4"]
[White "Mis, Mieszko"]
[Black "Zarnowski, Krzysztof"]
[Result "1/2-1/2"]
[WhiteTitle "FM"]
[BlackTitle "I++"]
[WhiteElo "2364"]
[BlackElo "2079"]

1. Nf3 d5 2. e3 Nf6 3. c4 e6 4. Nc3 Be7 5. b3 O-O 6. Bb2 dxc4 7. bxc4 c5 8. Qc2
b6 9. Be2 Bb7 10. O-O Nbd7 11. Rad1 Rc8 12. d3 Qc7 13. Ne1 Ne8 14. f4 f5 15. Bf3
Nd6 16. a4 a6 17. Kh1 Bf6 18. Rg1 Kh8 19. Bxb7 Qxb7 20. Nf3 Rce8 21. Rge1 h6 22.
Ne2 e5 23. Nc3 b5 24. Nd5 e4 25. Nxf6 Nxf6 26. Ne5 exd3 27. Rxd3 Nxc4 28. Ng6+
Kg8 29. Nxf8 Nxb2 30. Qxb2 Rxf8 31. Qe5 Ne4 32. Kg1 Rf7 33. Red1 c4 34. Rd8+ Kh7
35. R8d7 Qb6 36. R1d4 Rxd7 37. Qxf5+ Qg6 38. Qxd7 Nc5 39. f5 Qg5 40. Qe8 Qxf5
41. h3 c3 42. Rd8 Ne4 43. Qg8+ Kg6 44. Qe8+ Kh7 45. Qg8+ Kg6 46. Qe8+ Kh7 1/2-1/2

[Event "XXXIII MIEDZYNARODOWE SZACHOWE MISTRZOSTWA MALOPOLSKI - Grupa A"]
[Site "Hotel Galaxy, ul. Gesia 22a, Krakow"]
[Date "1899-12-30"]
[Round "5.5"]
[White "Kyc, Jerzy"]
[Black "Malik, Maciej"]
[Result "1-0"]
[WhiteTitle "m"]
[BlackTitle "k"]
[WhiteElo "2276"]
[BlackElo "2045"]

1. e4 c5 2. Nf3 Nc6 3. Bb5 g6 4. O-O Bg7 5. c3 Nf6 6. Qe2 O-O 7. h3 a6 8. Bxc6
bxc6 9. d3 d6 10. e5 Nd5 11. Na3 Nc7 12. Nc4 Ne6 13. Nh2 f6 14. exd6 exd6 15.
f4 d5 16. Nd2 Re8 17. Qf2 f5 18. Ndf3 Qc7 19. Re1 a5 20. Ng5 Qd6 21. Nxe6 Rxe6
22. Rxe6 Bxe6 23. Nf3 a4 24. a3 Rd8 25. Bd2 Bc8 26. Re1 Ba6 27. Ne5 Re8 28. Be3
Bxe5 29. Bxc5 Qb8 30. fxe5 Rxe5 31. Bd4 Re8 32. Qh4 c5 33. Bxc5 Qd8 34. Rxe8+
Qxe8 35. Qf6 f4 36. Qxa6 Qe1+ 37. Kh2 Qg3+ 38. Kh1 Qe1+ 39. Bg1 f3 40. gxf3 Qf1
41. Qc8+ Kg7 42. Qg4 h5 43. Qg2 1-0

[Event "XXXIII MIEDZYNARODOWE SZACHOWE MISTRZOSTWA MALOPOLSKI - Grupa A"]
[Site "Hotel Galaxy, ul. Gesia 22a, Krakow"]
[Date "1899-12-30"]
[Round "5.6"]
[White "Kacprzak, Karol"]
[Black "Kondys, Piotr"]
[Result "1/2-1/2"]
[WhiteTitle "k+"]
[BlackTitle "I"]
[WhiteElo "2229"]
[BlackElo "1929"]

1. e4 e5 2. Nf3 Nc6 3. Bb5 f5 4. d3 fxe4 5. dxe4 Nf6 6. O-O Bc5 7. Nc3 d6 8. Qd3
O-O 9. Bxc6 bxc6 10. Nxe5 Qe8 11. Nf3 a5 12. Re1 Ba6 13. Qd1 Ng4 14. Be3 Bxe3
15. fxe3 Qh5 16. h3 Ne5 17. Nxe5 Qxe5 18. Qd2 Rf6 19. Ne2 Raf8 20. Nf4 g5 21.
Nd3 Qxe4 22. Rf1 Rxf1+ 23. Rxf1 Rxf1+ 24. Kxf1 Bxd3+ 25. cxd3 Qf5+ 26. Kg1 Qe5
27. b3 h6 28. d4 Qe4 29. Kh2 Qf5 30. Qc3 Qd5 31. a4 Kg7 32. b4 axb4 33. Qxb4 c5
34. Qb5 c6 35. Qb6 c4 36. Qb4 c5 37. Qc3 cxd4 38. exd4 Kg6 39. a5 Qc6 40. Kg3
d5 41. Qc2+ Kg7 42. Kh2 Qd6+ 43. Kh1 Qa3 44. Qe2 Qa1+ 45. Kh2 Qxa5 46. Qe7+ 1/2-1/2

[Event "XXXIII MIEDZYNARODOWE SZACHOWE MISTRZOSTWA MALOPOLSKI - Grupa A"]
[Site "Hotel Galaxy, ul. Gesia 22a, Krakow"]
[Date "1899-12-30"]
[Round "5.7"]
[White "Aymerich Verdaguer, Eduard"]
[Black "Suder, Jakub"]
[Result "0-1"]
[WhiteTitle "CM"]
[BlackTitle "FM"]
[WhiteElo "2189"]
[BlackElo "2265"]

1. d4 d5 2. c4 e6 3. Nc3 a6 4. cxd5 exd5 5. Bf4 c6 6. e3 Bd6 7. Bxd6 Qxd6 8. Bd3
Ne7 9. Qc2 g6 10. h4 h5 11. Nf3 Bf5 12. Bxf5 Nxf5 13. Ne5 Nd7 14. Nxd7 Qxd7 15.
O-O-O Nd6 16. Rhe1 O-O 17. Na4 Qe7 18. f3 Qxh4 19. g4 Kg7 20. gxh5 Qxh5 21. Qg2
Rh8 22. Rh1 Qf5 23. Nc3 Rae8 24. Qg3 Qe6 25. Rxh8 Rxh8 26. Re1 Nf5 27. Qf2 Qd6
28. Rd1 Rh3 29. e4 Rh2 30. Qg1 Qf4+ 31. Kb1 Ne3 32. Re1 Nc4 33. Rd1 Rxb2+ 34.
Ka1 Qxf3 35. Qe1 Rc2 36. Rc1 Rxc1+ 37. Qxc1 dxe4 38. d5 Qd3 0-1

[Event "XXXIII MIEDZYNARODOWE SZACHOWE MISTRZOSTWA MALOPOLSKI - Grupa A"]
[Site "Hotel Galaxy, ul. Gesia 22a, Krakow"]
[Date "1899-12-30"]
[Round "5.8"]
[White "Majek, Kacper"]
[Black "Licznerski, Lukasz"]
[Result "1/2-1/2"]
[WhiteTitle "k"]
[BlackTitle "IM"]
[WhiteElo "2083"]
[BlackElo "2460"]

1. e4 c6 2. d4 d5 3. e5 Bf5 4. h4 h5 5. Bd3 Bxd3 6. Qxd3 Qa5+ 7. Nd2 e6 8. Ngf3
Nh6 9. O-O Nf5 10. Nb3 Qa6 11. Qd1 Be7 12. g3 Nd7 13. Bg5 Bxg5 14. Nxg5 Rc8 15.
c3 Qb6 16. Re1 g6 17. Qd2 Kf8 18. Kg2 Kg7 19. Nc1 c5 20. Ne2 Qd8 21. Nf4 Qe7 22.
c4 Nb6 23. cxd5 Nxd5 24. Nxd5 exd5 25. dxc5 Rxc5 26. Rac1 Rhc8 27. Rxc5 Rxc5 28.
b4 Rb5 29. a3 d4 30. Nf3 Rd5 31. Qd3 Qe6 32. Rc1 Rd7 33. Qb5 Ne7 34. Ng5 Qd5+
35. Qxd5 Rxd5 36. Rc7 d3 37. Rxe7 d2 38. Rxf7+ Kg8 39. e6 d1=Q 40. e7 Re5 41.
Rf8+ 1/2-1/2